Women in the Qurʼan : information kit: (Record no. 619)

MARC details
000 -LEADER
fixed length control field 006390000a22001930004500
003 - CONTROL NUMBER IDENTIFIER
control field LK-CoMWRAF
005 - DATE AND TIME OF LATEST TRANSACTION
control field 20240315114207.0
008 - FIXED-LENGTH DATA ELEMENTS--GENERAL INFORMATION
fixed length control field 230817t1990 ||||| |||| 00| 0 eng d
040 ## - CATALOGING SOURCE
Original cataloging agency LK-CoMWRAF
Modifying agency LK-CoMWRAF
Description conventions LK-CoMWRAF
041 ## - LANGUAGE CODE
Language code of text/sound track or separate title English
082 ## - DEWEY DECIMAL CLASSIFICATION NUMBER
Classification number 297.122
Item number WOM
942 ## - ADDED ENTRY ELEMENTS (KOHA)
Koha item type Books
111 ## - MAIN ENTRY--MEETING NAME
Meeting name or jurisdiction name as entry element WOMEN IN THE QUR'AN: QUR'ANIC INTERPRETATION BY WOMEN
Location of meeting ( Karachi
Date of meeting 8-13th July 1990)
245 ## - TITLE STATEMENT
Title Women in the Qurʼan : information kit:
Remainder of title Qur'anic information by women meeting
260 ## - PUBLICATION, DISTRIBUTION, ETC. (IMPRINT)
Name of publisher, distributor, etc. Lahore;
Place of publication, distribution, etc. Shirkat Gah,
Date of publication, distribution, etc. 1990
300 ## - PHYSICAL DESCRIPTION
Extent 119 p. ; 29 cm
650 ## - SUBJECT ADDED ENTRY--TOPICAL TERM
Topical term or geographic name as entry element Women in the Qurʼan
650 ## - SUBJECT ADDED ENTRY--TOPICAL TERM
Topical term or geographic name as entry element Muslim women-Qurʼanic teaching
Holdings
Withdrawn status Lost status Damaged status Not for loan Permanent Location Current Location Date acquired Full call number Barcode Koha item type
        Resource center, Muslim Women's Research And Action Forum Resource center, Muslim Women's Research And Action Forum 2023-08-17 297.122 WOM RAF3748 Books

Copyright © 2023 Muslim Women's Research and Action Forum (MWRAF), No 27/3, Anderson Road, Kalubowila, Dehiwela. Funded by The Asia Fundation